[Event "17. Torneo Magistral de Elgoibar"]
[Site "Elgoibar ESP"]
[Date "2007.12.10"]
[Round "1.1"]
[White "Mirzoev, Azer"]
[Black "Prie, Eric"]
[Result "1-0"]
[WhiteElo "2545"]
[BlackElo "2532"]
[PlyCount "47"]
[EventDate "2007.12.10"]
[EventType "tourn"]
[EventRounds "9"]
[EventCountry "ESP"]
[Source "lmi"]
[SourceDate "2007.12.10"]

1. d4 d5 2. c4 c6 3. Nf3 Nf6 4. e3 Bg4 5. h3 Bh5 6. Qb3 Qb6 7. Nc3 e6 8. Ne5
Nbd7 9. g4 Bg6 10. Nxg6 hxg6 11. Bg2 Bb4 12. Bd2 a5 13. O-O Qa6 14. cxd5 exd5
15. Qc2 Kf8 16. a3 Bxc3 17. Bxc3 Kg8 18. f3 Nh7 19. Qf2 Ng5 20. Qg3 Nb6 21. e4
Qd3 22. Rad1 Qe3+ 23. Kh2 Ne6 24. f4 1-0

[Event "17. Torneo Magistral de Elgoibar"]
[Site "Elgoibar ESP"]
[Date "2007.12.10"]
[Round "1.2"]
[White "Miton, Kamil"]
[Black "Huerga Leache, Mikel"]
[Result "1-0"]
[WhiteElo "2628"]
[BlackElo "2440"]
[PlyCount "73"]
[EventDate "2007.12.10"]
[EventType "tourn"]
[EventRounds "9"]
[EventCountry "ESP"]
[Source "lmi"]
[SourceDate "2007.12.10"]

1. d4 d5 2. c4 c6 3. Nc3 Nf6 4. e3 a6 5. Qc2 b5 6. b3 Bg4 7. Nge2 Bh5 8. Nf4
Bg6 9. Nxg6 hxg6 10. g3 Nbd7 11. Bg2 Rc8 12. e4 dxc4 13. e5 Nd5 14. bxc4 Nxc3
15. Qxc3 e6 16. O-O Be7 17. c5 O-O 18. a4 Qc7 19. h4 Qb7 20. Be4 Rfd8 21. Qf3
b4 22. Be3 a5 23. Kg2 Nf8 24. Qg4 Qd7 25. Rh1 f5 26. exf6 Bxf6 27. Rad1 e5 28.
Qxd7 Nxd7 29. d5 Nb8 30. d6 Kf7 31. g4 Rf8 32. g5 Bd8 33. Rh3 Nd7 34. Rf3+ Ke6
35. Bxg6 Rxf3 36. Kxf3 b3 37. Ke4 1-0

[Event "17. Torneo Magistral de Elgoibar"]
[Site "Elgoibar ESP"]
[Date "2007.12.10"]
[Round "1.4"]
[White "Vega Gutierrez, Sabrina Neide"]
[Black "Lariño Nieto, David"]
[Result "0-1"]
[WhiteElo "2331"]
[BlackElo "2428"]
[PlyCount "110"]
[EventDate "2007.12.10"]
[EventType "tourn"]
[EventRounds "9"]
[EventCountry "ESP"]
[Source "lmi"]
[SourceDate "2007.12.10"]

1. e4 d6 2. d4 Nf6 3. Nc3 Nbd7 4. g4 h6 5. h4 e5 6. d5 Nc5 7. f3 Be7 8. Bb5+
Nfd7 9. b4 Bxh4+ 10. Kf1 Na6 11. a3 Nab8 12. Ba4 Bg5 13. Nge2 Kf8 14. Rh5 Qf6
15. Kg2 Bxc1 16. Qxc1 Qg6 17. Qe3 a5 18. Nb5 axb4 19. axb4 Na6 20. Bb3 Nf6 21.
Rh3 Bd7 22. Bc4 Ke7 23. c3 h5 24. Rah1 Rhf8 25. Rxh5 Nxh5 26. Rxh5 Rh8 27. Ng3
Rxh5 28. Nxh5 Rh8 29. Kf2 Qh6 30. Qxh6 gxh6 31. Na3 Ra8 32. Nc2 c5 33. dxc6
bxc6 34. Ne3 Nc7 35. Ng3 Kf6 36. Nef5 Bxf5 37. Nxf5 d5 38. exd5 cxd5 39. Be2 h5
40. Kg3 Ra2 41. Bd3 hxg4 42. Kxg4 Ra3 43. b5 Rxc3 44. b6 Ne8 45. Bb5 Rc8 46.
Bd7 Rb8 47. Ne3 d4 48. Nd5+ Kg6 49. Ne7+ Kg7 50. Bxe8 Rxe8 51. b7 Rb8 52. Nc6
Rxb7 53. Nxe5 Re7 54. Nc6 Rd7 55. Ne5 d3 0-1

[Event "17. Torneo Magistral de Elgoibar"]
[Site "Elgoibar ESP"]
[Date "2007.12.11"]
[Round "2.2"]
[White "Lariño Nieto, David"]
[Black "Gonzalez de la Torre, Santiago"]
[Result "1/2-1/2"]
[PlyCount "118"]
[EventDate "2007.12.10"]
[EventType "tourn"]
[EventRounds "9"]
[EventCountry "ESP"]
[Source "lmi"]
[SourceDate "2007.12.10"]
[WhiteElo "2428"]
[BlackElo "2399"]

1. e4 e5 2. Nf3 d6 3. d4 exd4 4. Nxd4 Nf6 5. Nc3 Be7 6. g3 d5 7. e5 Ng4 8. Bg2
Nxe5 9. Nxd5 Bg4 10. Qd2 O-O 11. Ne3 Bc5 12. Nxg4 Nxg4 13. Bxb7 Bxd4 14. O-O
Na6 15. Bxa8 Nxf2 16. Rxf2 Bxf2+ 17. Qxf2 Qd1+ 18. Qf1 Qxf1+ 19. Kxf1 Rxa8 20.
Be3 Nb4 21. Bc5 a5 22. Rd1 h5 23. c3 Nc6 24. Rd7 Rc8 25. a4 f6 26. b4 Ne5 27.
Rd1 Kf7 28. Kf2 Ke6 29. h3 g5 30. b5 f5 31. Ke3 Nc4+ 32. Ke2 Nb6 33. Rd4 Nd7
34. Ba3 c5 35. Rd3 Ne5 36. Rd1 f4 37. gxf4 gxf4 38. Bc1 Kf5 39. c4 Ke4 40. Rd6
Rg8 41. Kf1 Nxc4 42. Re6+ Kf3 43. Rf6 Ne3+ 44. Bxe3 Kxe3 45. Rc6 Rd8 46. Ke1 f3
47. Re6+ Kf4 48. Rc6 Ke3 49. Re6+ Kf4 50. Rc6 Kg3 51. Rg6+ Kxh3 52. Kf2 Rd3 53.
Rg3+ Kh4 54. Rxf3 Rd4 55. Rb3 Rxa4 56. b6 Rf4+ 57. Kg2 Rf8 58. Rc3 Rg8+ 59. Kh2
Rb8 1/2-1/2

[Event "17. Torneo Magistral de Elgoibar"]
[Site "Elgoibar ESP"]
[Date "2007.12.11"]
[Round "2.4"]
[White "Huerga Leache, Mikel"]
[Black "Gomez Esteban, Juan Mario"]
[Result "0-1"]
[PlyCount "84"]
[EventDate "2007.12.10"]
[EventType "tourn"]
[EventRounds "9"]
[EventCountry "ESP"]
[Source "lmi"]
[SourceDate "2007.12.10"]
[WhiteElo "2440"]
[BlackElo "2490"]

1. e4 c6 2. d4 d5 3. Nc3 dxe4 4. Nxe4 Bf5 5. Ng3 Bg6 6. Bc4 Nf6 7. N1e2 e6 8.
O-O Nbd7 9. f4 Nb6 10. Bd3 Bxd3 11. Qxd3 g6 12. f5 gxf5 13. Nxf5 exf5 14. Qxf5
Be7 15. Bg5 Nbd5 16. Nc3 Rg8 17. Rae1 Rg6 18. Qe5 Kf8 19. Rf5 Bd6 20. Qe2 Qc7
21. Nxd5 Nxd5 22. Qh5 Kg8 23. c4 Nf4 24. Qh4 Ne6 25. Bf6 Bf8 26. Re3 Bg7 27.
Rh3 Bxf6 28. Qxh7+ Kf8 29. Rxf6 Rxf6 30. Qh8+ Ke7 31. Qxa8 Nxd4 32. Re3+ Re6
33. Rxe6+ Kxe6 34. Qh8 Qf4 35. Qe8+ Kf6 36. g3 Qc1+ 37. Kg2 Qc2+ 38. Kf1 Qd3+
39. Kf2 Qf3+ 40. Ke1 Qh1+ 41. Kd2 Qxh2+ 42. Kd3 Ne6 0-1

[Event "17. Torneo Magistral de Elgoibar"]
[Site "Elgoibar ESP"]
[Date "2007.12.11"]
[Round "3.1"]
[White "Prie, Eric"]
[Black "Miton, Kamil"]
[Result "1/2-1/2"]
[PlyCount "69"]
[EventDate "2007.12.10"]
[EventType "tourn"]
[EventRounds "9"]
[EventCountry "ESP"]
[Source "lmi"]
[SourceDate "2007.12.10"]
[WhiteElo "2532"]
[BlackElo "2628"]

1. d4 d5 2. c4 c6 3. Nf3 Nf6 4. e3 Bg4 5. Nc3 e6 6. h3 Bh5 7. g4 Bg6 8. Ne5
Nbd7 9. Nxg6 hxg6 10. Bd2 Bb4 11. Bd3 dxc4 12. Bxc4 Bxc3 13. Bxc3 Ne4 14. Qc2
Nxc3 15. Qxc3 Nb6 16. Bf1 Qd5 17. Rg1 O-O-O 18. Bg2 Qd6 19. O-O-O Nd5 20. Qa5
Kb8 21. Rh1 g5 22. Kb1 Qe7 23. Rd3 Qb4 24. Qxb4 Nxb4 25. Rdd1 Nd5 26. Kc2 Kc7
27. a3 a5 28. Rd3 a4 29. Kd2 Ra8 30. Rc1 Ra5 31. Ke1 Kd6 32. Rd2 g6 33. Rc4 f5
34. Rdc2 Rh4 35. Rc5 1/2-1/2

[Event "17. Torneo Magistral de Elgoibar"]
[Site "Elgoibar ESP"]
[Date "2007.12.11"]
[Round "3.2"]
[White "Gomez Esteban, Juan Mario"]
[Black "Mirzoev, Azer"]
[Result "1/2-1/2"]
[PlyCount "26"]
[EventDate "2007.12.10"]
[EventType "tourn"]
[EventRounds "9"]
[EventCountry "ESP"]
[Source "lmi"]
[SourceDate "2007.12.10"]
[WhiteElo "2490"]
[BlackElo "2545"]

1. d4 d5 2. c4 c6 3. Nc3 Nf6 4. Nf3 a6 5. c5 Nbd7 6. Bf4 Nh5 7. Bd2 g6 8. e4
dxe4 9. Nxe4 Bg7 10. Bc4 O-O 11. O-O Ndf6 12. Nxf6+ Nxf6 13. Qb3 a5 1/2-1/2

[Event "17. Torneo Magistral de Elgoibar"]
[Site "Elgoibar ESP"]
[Date "2007.12.11"]
[Round "3.3"]
[White "Vega Gutierrez, Sabrina Neide"]
[Black "Huerga Leache, Mikel"]
[Result "0-1"]
[PlyCount "92"]
[EventDate "2007.12.10"]
[EventType "tourn"]
[EventRounds "9"]
[EventCountry "ESP"]
[Source "lmi"]
[SourceDate "2007.12.10"]
[WhiteElo "2331"]
[BlackElo "2440"]

1. e4 e6 2. d4 d5 3. Nc3 Bb4 4. exd5 exd5 5. Bd3 Nc6 6. a3 Bxc3+ 7. bxc3 Nge7
8. Qf3 Be6 9. Rb1 b6 10. Ne2 Qd7 11. O-O Bf5 12. Nf4 O-O 13. h3 Rad8 14. Nh5
Bxd3 15. cxd3 Qf5 16. Bf4 Ng6 17. g4 Qd7 18. Bh6 f5 19. Bxg7 fxg4 20. Qe3 Rf3
21. Qh6 gxh3 22. Kh1 Qf7 23. Rbe1 Rf5 24. f4 Nce7 25. Re3 Rxh5 26. Qxh5 Nf5 27.
Rxh3 Kxg7 28. Qxh7+ Kf6 29. Qh5 Nge7 30. Qe2 Ng6 31. Rh5 Qe6 32. Qf2 Nge7 33.
Re1 Qf7 34. Rh3 Qg7 35. Qe2 Kf7 36. Kh2 Rh8 37. Qe6+ Kf8 38. Rxh8+ Qxh8+ 39.
Kg1 Qh4 40. Qe5 Qg3+ 41. Kh1 Ke8 42. c4 Qf2 43. Rg1 Qh4+ 44. Kg2 Qg3+ 45. Kf1
Ne3+ 46. Ke2 Qxg1 0-1

[Event "17. Torneo Magistral de Elgoibar"]
[Site "Elgoibar ESP"]
[Date "2007.12.12"]
[Round "4.1"]
[White "Prie, Eric"]
[Black "Lariño Nieto, David"]
[Result "1-0"]
[PlyCount "63"]
[EventDate "2007.12.10"]
[EventType "tourn"]
[EventRounds "9"]
[EventCountry "ESP"]
[Source "lmi"]
[SourceDate "2007.12.10"]
[WhiteElo "2532"]
[BlackElo "2428"]

1. d4 e6 2. a3 c5 3. c3 Nf6 4. Nf3 d5 5. Bf4 Nc6 6. e3 Be7 7. h3 Ne4 8. Nbd2 f5
9. g4 g5 10. Bh2 h5 11. gxh5 Rxh5 12. Ne5 Rh6 13. Nxe4 dxe4 14. f3 Nxe5 15.
Bxe5 cxd4 16. cxd4 exf3 17. Qxf3 Qa5+ 18. Kf2 Bd7 19. Qxb7 Rc8 20. Be2 Rc2 21.
Rac1 Qd2 22. Rxc2 Qxc2 23. Qb8+ Bd8 24. Rg1 g4 25. hxg4 a6 26. g5 Bb5 27. Re1
Rh7 28. Bf6 Kf7 29. Bxd8 Bc6 30. g6+ Kxg6 31. Rg1+ Kf7 32. Qc7+ 1-0

[Event "17. Torneo Magistral de Elgoibar"]
[Site "Elgoibar ESP"]
[Date "2007.12.12"]
[Round "4.2"]
[White "Korneev, Oleg"]
[Black "Paunovic, Dragan"]
[Result "1/2-1/2"]
[PlyCount "127"]
[EventDate "2007.12.10"]
[EventType "tourn"]
[EventRounds "9"]
[EventCountry "ESP"]
[Source "lmi"]
[SourceDate "2007.12.10"]
[WhiteElo "2587"]
[BlackElo "2535"]

1. e4 c5 2. Nf3 e6 3. d4 cxd4 4. Nxd4 a6 5. Bd3 g6 6. Nc3 Bg7 7. Be3 d6 8. Qd2
Nc6 9. Be2 Nxd4 10. Bxd4 Nf6 11. O-O-O O-O 12. g4 d5 13. e5 Nd7 14. f4 b5 15.
h4 b4 16. Na4 f5 17. exf6 Nxf6 18. Nc5 Qc7 19. h5 gxh5 20. g5 Ne4 21. Nxe4 Bxd4
22. Nf6+ Bxf6 23. gxf6 Rxf6 24. f5 Bb7 25. Rxh5 e5 26. Qg5+ Qg7 27. Qh4 h6 28.
Qh2 Kh7 29. Rg1 Qe7 30. Rhg5 Rc8 31. Rg7+ Qxg7 32. Rxg7+ Kxg7 33. Qxe5 Rcc6 34.
Bh5 Bc8 35. Qe7+ Kg8 36. Qe8+ Kg7 37. Qe7+ Kg8 38. Bg6 h5 39. Kd2 h4 40. Qh7+
Kf8 41. Qxh4 Ke7 42. Qxb4+ Kd8 43. Qa5+ Rc7 44. Qb4 Rc4 45. Qb8 Rfc6 46. c3 d4
47. Qe5 dxc3+ 48. bxc3 Rxc3 49. f6 Be6 50. Qb8+ Bc8 51. Qe5 Be6 52. Qb8+ Bc8
53. f7 Rf3 54. Be4 Rf2+ 55. Ke3 Rcf6 56. Bb7 Rc2 57. Bxc8 Rxc8 58. Qb7 Rc3+ 59.
Kd4 Rcf3 60. Qb8+ Kd7 61. Qe8+ Kc7 62. Qe7+ Kb8 63. Qd8+ Kb7 64. Qd7+ 1/2-1/2

[Event "17. Torneo Magistral de Elgoibar"]
[Site "Elgoibar ESP"]
[Date "2007.12.13"]
[Round "5.1"]
[White "Gomez Esteban, Juan Mario"]
[Black "Prie, Eric"]
[Result "1-0"]
[PlyCount "93"]
[EventDate "2007.12.10"]
[EventType "tourn"]
[EventRounds "9"]
[EventCountry "ESP"]
[Source "lmi"]
[SourceDate "2007.12.10"]
[WhiteElo "2490"]
[BlackElo "2532"]

1. e4 e5 2. Nf3 Nf6 3. Nxe5 d6 4. Nf3 Nxe4 5. Nc3 Nxc3 6. dxc3 Be7 7. Bf4 O-O
8. Qd2 Nd7 9. O-O-O Nc5 10. Nd4 Ne6 11. Be3 Nxd4 12. cxd4 a5 13. Bd3 c6 14. h4
Be6 15. Kb1 a4 16. Bg5 Re8 17. Rde1 Qb6 18. Bxe7 Rxe7 19. a3 Rae8 20. Kc1 Qc7
21. Qf4 b5 22. Re3 Bd5 23. Rhe1 Bxg2 24. Rxe7 Rxe7 25. Rg1 Bd5 26. h5 Bc4 27.
h6 f6 28. Bxc4+ bxc4 29. hxg7 Qd8 30. d5 cxd5 31. Qd4 Re5 32. f4 Rh5 33. Kb1
Rf5 34. Qe3 Qd7 35. Qh3 Qe6 36. Qg3 d4 37. Re1 Qd7 38. Qg2 d5 39. Qh3 c3 40.
bxc3 dxc3 41. Qxc3 Rxf4 42. Qc5 Qb7+ 43. Ka2 Qa8 44. Re7 Rg4 45. Qd6 Re4 46.
Rd7 Re8 47. Qxf6 1-0

[Event "17. Torneo Magistral de Elgoibar"]
[Site "Elgoibar ESP"]
[Date "2007.12.13"]
[Round "5.3"]
[White "Gonzalez de la Torre, Santiago"]
[Black "Mirzoev, Azer"]
[Result "0-1"]
[PlyCount "50"]
[EventDate "2007.12.10"]
[EventType "tourn"]
[EventRounds "9"]
[EventCountry "ESP"]
[Source "lmi"]
[SourceDate "2007.12.10"]
[WhiteElo "2399"]
[BlackElo "2545"]

1. e4 c5 2. Nf3 e6 3. d4 cxd4 4. Nxd4 a6 5. Be2 Nf6 6. Nc3 Bb4 7. Qd3 Qc7 8.
O-O Nc6 9. Nxc6 bxc6 10. f4 d5 11. e5 Nd7 12. b3 O-O 13. Bb2 a5 14. Qg3 Ba6 15.
Bxa6 Rxa6 16. Rf3 Nc5 17. f5 exf5 18. Rxf5 a4 19. Raf1 axb3 20. Qxg7+ Kxg7 21.
Rg5+ Kh8 22. e6 Ba3 23. Nxd5+ Bxb2 24. Nxc7 Nxe6 25. Nxe6 bxa2 0-1

[Event "17. Torneo Magistral de Elgoibar"]
[Site "Elgoibar ESP"]
[Date "2007.12.13"]
[Round "5.4"]
[White "Huerga Leache, Mikel"]
[Black "Paunovic, Dragan"]
[Result "1/2-1/2"]
[PlyCount "110"]
[EventDate "2007.12.10"]
[EventType "tourn"]
[EventRounds "9"]
[EventCountry "ESP"]
[Source "lmi"]
[SourceDate "2007.12.10"]
[WhiteElo "2440"]
[BlackElo "2535"]

1. c4 e5 2. g3 Nf6 3. Bg2 c6 4. d4 Bb4+ 5. Bd2 Bxd2+ 6. Qxd2 d6 7. Nc3 O-O 8.
e3 Be6 9. b3 exd4 10. Qxd4 d5 11. cxd5 cxd5 12. Nge2 Nc6 13. Qd2 Qa5 14. O-O
Rfd8 15. Rfd1 Rac8 16. Qb2 Bf5 17. a3 Be4 18. b4 Qc7 19. Nxe4 dxe4 20. Rac1
Rxd1+ 21. Rxd1 Rd8 22. Rxd8+ Qxd8 23. Qc2 Qd3 24. Qxd3 exd3 25. Nc3 Nd7 26. Kf1
Nb6 27. Be4 Nc4 28. Bxd3 Nxa3 29. b5 Ne5 30. Be4 a6 31. b6 Nac4 32. Bxb7 a5 33.
Na4 Nd7 34. Ke2 Ncxb6 35. Nxb6 Nxb6 36. Kd3 Kf8 37. Kd4 Ke7 38. Be4 h6 39. Bc2
Kd6 40. e4 f6 41. f4 a4 42. h4 a3 43. Bb3 Nd7 44. Ba2 g5 45. hxg5 hxg5 46. Bd5
g4 47. Ba2 Nf8 48. e5+ Ke7 49. Ke4 Ne6 50. Kf5 fxe5 51. Kxe5 Ng7 52. f5 Nh5 53.
f6+ Nxf6 54. Kf5 Nh5 55. Kxg4 Nxg3 1/2-1/2

[Event "17. Torneo Magistral de Elgoibar"]
[Site "Elgoibar ESP"]
[Date "2007.12.14"]
[Round "6.1"]
[White "Prie, Eric"]
[Black "Korneev, Oleg"]
[Result "1/2-1/2"]
[PlyCount "65"]
[EventDate "2007.12.10"]
[EventType "tourn"]
[EventRounds "9"]
[EventCountry "ESP"]
[Source "lmi"]
[SourceDate "2007.12.10"]
[WhiteElo "2532"]
[BlackElo "2587"]

1. d4 d5 2. a3 Nf6 3. Nf3 c6 4. Bf4 Bg4 5. Nbd2 Nbd7 6. h3 Bh5 7. e3 e6 8. Bd3
Be7 9. O-O O-O 10. Re1 a5 11. c4 c5 12. b3 cxd4 13. exd4 a4 14. c5 axb3 15.
Qxb3 Ra7 16. a4 Nb8 17. Ne5 Nfd7 18. Qc2 Bg6 19. Nxg6 hxg6 20. Nf3 Nc6 21. Bb5
Ndb8 22. Rab1 Na5 23. h4 Nbc6 24. g3 Bf6 25. Red1 Ra8 26. Kg2 Na7 27. Bd2 N7c6
28. Qd3 Na7 29. Rh1 Nxb5 30. Bxa5 Rxa5 31. axb5 Ra4 32. Rhc1 Qa5 33. b6 1/2-1/2

[Event "17. Torneo Magistral de Elgoibar"]
[Site "Elgoibar ESP"]
[Date "2007.12.14"]
[Round "6.2"]
[White "Huerga Leache, Mikel"]
[Black "Lariño Nieto, David"]
[Result "0-1"]
[PlyCount "108"]
[EventDate "2007.12.10"]
[EventType "tourn"]
[EventRounds "9"]
[EventCountry "ESP"]
[Source "lmi"]
[SourceDate "2007.12.10"]
[WhiteElo "2440"]
[BlackElo "2428"]

1. e4 d6 2. d4 Nd7 3. Nf3 e5 4. Bc4 c6 5. c3 b5 6. Bb3 Bb7 7. O-O Be7 8. dxe5
dxe5 9. Ng5 Bxg5 10. Qh5 Qe7 11. Qxg5 Qxg5 12. Bxg5 Ngf6 13. f3 Nc5 14. Rd1 a5
15. Nd2 a4 16. Bc2 Ne6 17. Bxf6 gxf6 18. Nf1 c5 19. Ne3 O-O 20. Rd7 Bc8 21. Rd6
a3 22. b3 Rd8 23. Rxd8+ Nxd8 24. Nd5 Kg7 25. f4 Nc6 26. Nc7 Rb8 27. Ne8+ Kf8
28. Nxf6 b4 29. cxb4 Nxb4 30. Bd1 exf4 31. Nd5 Bb7 32. Nb6 Ke7 33. Nc4 Bxe4 34.
Nxa3 Rg8 35. g3 fxg3 36. hxg3 Rxg3+ 37. Kf1 Rg2 38. Be2 Rh2 39. Re1 Kf6 40. Kg1
Rh1+ 41. Kf2 Rxe1 42. Kxe1 Nxa2 43. Nc4 Nc3 44. Nd6 Bd5 45. Bd3 Ke5 46. Nxf7+
Bxf7 47. Bxh7 Bxb3 48. Kd2 Kd4 49. Kc1 Ne4 50. Bf5 Bd5 51. Bg4 c4 52. Be2 c3
53. Bb5 Nc5 54. Be2 Be4 0-1

[Event "17. Torneo Magistral de Elgoibar"]
[Site "Elgoibar ESP"]
[Date "2007.12.14"]
[Round "6.4"]
[White "Miton, Kamil"]
[Black "Gonzalez de la Torre, Santiago"]
[Result "1-0"]
[PlyCount "65"]
[EventDate "2007.12.10"]
[EventType "tourn"]
[EventRounds "9"]
[EventCountry "ESP"]
[Source "lmi"]
[SourceDate "2007.12.10"]
[WhiteElo "2628"]
[BlackElo "2399"]

1. d4 d5 2. c4 c6 3. Nc3 Nf6 4. Nf3 e6 5. g3 dxc4 6. Bg2 b5 7. Ne5 Nd5 8. O-O
Bb7 9. a4 a6 10. e4 Nxc3 11. bxc3 Nd7 12. f4 Be7 13. Ng4 Nb6 14. axb5 cxb5 15.
f5 exf5 16. Rxf5 O-O 17. Nh6+ gxh6 18. Bxh6 Kh8 19. Bxf8 Qxf8 20. e5 Bxg2 21.
Kxg2 Ra7 22. Qh5 f6 23. exf6 Bxf6 24. Qf3 Nd7 25. Rxb5 Bg7 26. Rf5 Nf6 27. Ra4
h6 28. Rxc4 Qa8 29. Rc6 Ng8 30. Ra5 Ne7 31. Rcxa6 Qxf3+ 32. Kxf3 Rc7 33. Rc5
1-0

[Event "17. Torneo Magistral de Elgoibar"]
[Site "Elgoibar ESP"]
[Date "2007.12.14"]
[Round "7.1"]
[White "Vega Gutierrez, Sabrina Neide"]
[Black "Prie, Eric"]
[Result "0-1"]
[PlyCount "64"]
[EventDate "2007.12.10"]
[EventType "tourn"]
[EventRounds "9"]
[EventCountry "ESP"]
[Source "lmi"]
[SourceDate "2007.12.10"]
[WhiteElo "2331"]
[BlackElo "2532"]

1. e4 c6 2. d4 d5 3. Nc3 dxe4 4. Nxe4 Nd7 5. Bc4 Ngf6 6. Nxf6+ Nxf6 7. c3 Qc7
8. Qe2 Bg4 9. f3 Bd7 10. Bd2 e6 11. Nh3 Bd6 12. O-O-O O-O 13. Ng5 c5 14. Ne4
Nxe4 15. Qxe4 Bc6 16. d5 exd5 17. Bxd5 Rfe8 18. Qd3 Rad8 19. Rhe1 Rxe1 20. Rxe1
Bf8 21. c4 Bxd5 22. cxd5 Qxh2 23. Qf5 Qd6 24. Rh1 h6 25. Qg4 Qxd5 26. Bxh6 Qxa2
27. Bxg7 Bxg7 28. Rh8+ Kxh8 29. Qh4+ Kg8 30. Qxd8+ Kh7 31. Qd3+ Kh6 32. Qd6+
Qe6 0-1

[Event "17. Torneo Magistral de Elgoibar"]
[Site "Elgoibar ESP"]
[Date "2007.12.14"]
[Round "7.2"]
[White "Gonzalez de la Torre, Santiago"]
[Black "Gomez Esteban, Juan Mario"]
[Result "1/2-1/2"]
[PlyCount "30"]
[EventDate "2007.12.10"]
[EventType "tourn"]
[EventRounds "9"]
[EventCountry "ESP"]
[Source "lmi"]
[SourceDate "2007.12.10"]
[WhiteElo "2399"]
[BlackElo "2490"]

1. d4 d5 2. c4 c6 3. Nc3 Nf6 4. cxd5 cxd5 5. Bf4 Nc6 6. e3 a6 7. Bd3 Bg4 8.
Nge2 e6 9. O-O Bd6 10. Bxd6 Qxd6 11. Rc1 O-O 12. a3 Bxe2 13. Qxe2 Rac8 14. Rc2
Rc7 15. Rfc1 Rfc8 1/2-1/2

[Event "17. Torneo Magistral de Elgoibar"]
[Site "Elgoibar ESP"]
[Date "2007.12.14"]
[Round "7.3"]
[White "Paunovic, Dragan"]
[Black "Miton, Kamil"]
[Result "1/2-1/2"]
[PlyCount "29"]
[EventDate "2007.12.10"]
[EventType "tourn"]
[EventRounds "9"]
[EventCountry "ESP"]
[Source "lmi"]
[SourceDate "2007.12.10"]
[WhiteElo "2535"]
[BlackElo "2628"]

1. Nf3 Nf6 2. d4 d5 3. c4 c6 4. cxd5 cxd5 5. Nc3 Nc6 6. Bf4 e6 7. e3 Be7 8. Bd3
a6 9. Ne5 Nxe5 10. Bxe5 O-O 11. Rc1 Bd7 12. O-O Rc8 13. Qb3 Bc6 14. a3 Nd7 15.
Bg3 1/2-1/2

[Event "17. Torneo Magistral de Elgoibar"]
[Site "Elgoibar ESP"]
[Date "2007.12.14"]
[Round "7.4"]
[White "Lariño Nieto, David"]
[Black "Mirzoev, Azer"]
[Result "1/2-1/2"]
[PlyCount "116"]
[EventDate "2007.12.10"]
[EventType "tourn"]
[EventRounds "9"]
[EventCountry "ESP"]
[Source "lmi"]
[SourceDate "2007.12.10"]
[WhiteElo "2428"]
[BlackElo "2545"]

1. e4 e5 2. Nf3 Nc6 3. Bb5 a6 4. Bxc6 dxc6 5. O-O f6 6. d4 Bg4 7. dxe5 Qxd1 8.
Rxd1 fxe5 9. Nbd2 O-O-O 10. Re1 Bd6 11. h3 Bh5 12. g4 Bf7 13. Ng5 Bg6 14. Ngf3
Nf6 15. Nh4 Bf7 16. Ndf3 Nd7 17. Ng5 Bg8 18. Nf5 Bf8 19. Bd2 g6 20. Ng3 Bd6 21.
Bc3 Rf8 22. Kg2 h6 23. Nf3 Rh7 24. Re2 b5 25. b3 Kb7 26. Bb2 Re8 27. Rc1 Nc5
28. Rd2 a5 29. Ne1 Ne6 30. Ne2 c5 31. c4 bxc4 32. bxc4 Nd4 33. Nd3 Kc6 34. Bxd4
exd4 35. f3 h5 36. g5 h4 37. Nef4 Bxf4 38. Nxf4 Re5 39. Kf2 Rxg5 40. Rb2 Kd6
41. Rb8 Be6 42. Ra8 Bd7 43. Ra6+ c6 44. Ra7 Rf7 45. Nd3 Rg3 46. Ke2 Rg2+ 47.
Kf1 Rxa2 48. e5+ Ke7 49. Nxc5 Rxf3+ 50. Kg1 Rg3+ 51. Kf1 Rf3+ 52. Kg1 Rg3+ 53.
Kf1 Rxh3 54. Rxd7+ Ke8 55. Kg1 Rg3+ 56. Kh1 Rh3+ 57. Kg1 Rg3+ 58. Kh1 Rh3+
1/2-1/2

[Event "17. Torneo Magistral de Elgoibar"]
[Site "Elgoibar ESP"]
[Date "2007.12.14"]
[Round "7.5"]
[White "Korneev, Oleg"]
[Black "Huerga Leache, Mikel"]
[Result "1-0"]
[PlyCount "97"]
[EventDate "2007.12.10"]
[EventType "tourn"]
[EventRounds "9"]
[EventCountry "ESP"]
[Source "lmi"]
[SourceDate "2007.12.10"]
[WhiteElo "2587"]
[BlackElo "2440"]

1. e4 c5 2. Nf3 Nc6 3. d4 cxd4 4. Nxd4 Qc7 5. Nc3 e6 6. Be3 a6 7. Qd2 Nf6 8.
O-O-O Nxd4 9. Bxd4 e5 10. Be3 Bb4 11. f3 d6 12. Qd3 Bxc3 13. Qxc3 Qxc3 14. bxc3
Ke7 15. Bc4 Be6 16. Bb3 Rhc8 17. Kb2 Rc6 18. Rd3 Rac8 19. Rhd1 Bc4 20. R3d2
Bxb3 21. axb3 Rxc3 22. Bb6 R3c6 23. Ba5 Ke6 24. Bb4 Rd8 25. c4 b6 26. Rd5 a5
27. Ba3 Ne8 28. f4 f6 29. g3 Nc7 30. h4 Ke7 31. fxe5 Nxd5 32. exd5 Rcc8 33.
Bxd6+ Kd7 34. Kc3 Re8 35. Kd4 fxe5+ 36. Bxe5 Re7 37. Bf4 Re2 38. Kd3 Rce8 39.
b4 Re1 40. Rxe1 Rxe1 41. bxa5 bxa5 42. c5 h6 43. c6+ Kc8 44. d6 Re6 45. Kc4 a4
46. Kd5 Re1 47. d7+ Kd8 48. Kd6 Rd1+ 49. Ke6 1-0

[Event "17. Torneo Magistral de Elgoibar"]
[Site "Elgoibar ESP"]
[Date "2007.12.15"]
[Round "8.4"]
[White "Gomez Esteban, Juan Mario"]
[Black "Paunovic, Dragan"]
[Result "0-1"]
[PlyCount "116"]
[EventDate "2007.12.10"]
[EventType "tourn"]
[EventRounds "9"]
[EventCountry "ESP"]
[Source "lmi"]
[SourceDate "2007.12.10"]
[WhiteElo "2490"]
[BlackElo "2535"]

1. d4 d6 2. e4 Nf6 3. f3 c5 4. Ne2 Nbd7 5. Nbc3 a6 6. g4 h6 7. a4 Qc7 8. Be3
cxd4 9. Nxd4 e6 10. h4 Ne5 11. Qe2 Bd7 12. Rg1 Rc8 13. O-O-O Nc4 14. Qxc4 Qxc4
15. Bxc4 Rxc4 16. Rd3 Be7 17. b3 Rc8 18. Nde2 Bc6 19. Bd4 Rg8 20. g5 hxg5 21.
hxg5 Nd7 22. g6 fxg6 23. Rxg6 Kf7 24. Rg3 g5 25. Nd1 e5 26. Be3 g4 27. Nf2 Nf6
28. Nc3 gxf3 29. Rxf3 Ke6 30. Kb2 Rg2 31. Rh3 Rcg8 32. Rh6 R8g6 33. Rxg6 Rxg6
34. Bb6 Rg2 35. Rh3 Bf8 36. Rh4 Bg7 37. Be3 d5 38. exd5+ Nxd5 39. Nxd5 Bxd5 40.
Kc1 Bf3 41. Kd2 e4 42. Ke1 Rg1+ 43. Kd2 Be5 44. c3 Kf5 45. Nxe4 Rd1+ 46. Kc2
Rh1 47. Rxh1 Bxe4+ 48. Kd2 Bxh1 49. a5 Bf4 50. Bxf4 Kxf4 51. Kd3 Ke5 52. Kc4
Bd5+ 53. Kb4 Be6 54. Ka3 Ke4 55. Kb4 Kd3 56. c4 Kd4 57. Ka3 Bxc4 58. bxc4 Kxc4
0-1

[Event "17. Torneo Magistral de Elgoibar"]
[Site "Elgoibar ESP"]
[Date "2007.12.15"]
[Round "8.5"]
[White "Vega Gutierrez, Sabrina Neide"]
[Black "Gonzalez de la Torre, Santiago"]
[Result "1/2-1/2"]
[PlyCount "51"]
[EventDate "2007.12.10"]
[EventType "tourn"]
[EventRounds "9"]
[EventCountry "ESP"]
[Source "lmi"]
[SourceDate "2007.12.10"]
[WhiteElo "2331"]
[BlackElo "2399"]

1. e4 c5 2. Nf3 e6 3. d4 cxd4 4. Nxd4 a6 5. Be2 Nf6 6. Nc3 d6 7. O-O Qc7 8. f4
Be7 9. Be3 Nc6 10. Kh1 O-O 11. Qe1 Nxd4 12. Bxd4 b5 13. Qg3 b4 14. e5 Ne8 15.
Ne4 dxe5 16. fxe5 Bb7 17. Bd3 Rd8 18. Qe3 Qc6 19. Rf3 f5 20. exf6 Nxf6 21. Ng5
Rxd4 22. Qxd4 h6 23. Nxe6 Qxe6 24. Bc4 Bd5 25. Rxf6 Bxf6 26. Qxd5 1/2-1/2